Forces and fueling of e-commerce and e-business (Record no. 6675)

MARC details
000 -LEADER
fixed length control field 00449 a2200169 4500
001 - CONTROL NUMBER
control field 132298
003 - CONTROL NUMBER IDENTIFIER
control field OSt
005 - DATE AND TIME OF LATEST TRANSACTION
control field 20211022154854.0
008 - FIXED-LENGTH DATA ELEMENTS--GENERAL INFORMATION
fixed length control field
082 ## - DEWEY DECIMAL CLASSIFICATION NUMBER
Classification number 658.872
Item number M97F
100 1# - MAIN ENTRY--PERSONAL NAME
Personal name Musgrave, Adam
245 1# - TITLE STATEMENT
Title Forces and fueling of e-commerce and e-business
Statement of responsibility, etc by Adam Musgrave
260 ## - PUBLICATION, DISTRIBUTION, ETC. (IMPRINT)
Place of publication, distribution, etc New Delhi
Name of publisher, distributor, etc Global Vision
Date of publication, distribution, etc 2012
300 ## - PHYSICAL DESCRIPTION
Extent 303p.
690 ## - LOCAL SUBJECT ADDED ENTRY--TOPICAL TERM (OCLC, RLIN)
Topical term or geographic name as entry element India; Electronic commerce
942 ## - ADDED ENTRY ELEMENTS (KOHA)
Source of classification or shelving scheme Dewey Decimal Classification
Koha item type Books
Holdings
Withdrawn status Lost status Source of classification or shelving scheme Damaged status Not for loan Collection code Home library Current library Date acquired Source of acquisition Cost, normal purchase price Full call number Barcode Date last seen Price effective from Koha item type
    Dewey Decimal Classification     General Text Book Central University Of Rajasthan Central University Of Rajasthan 08/06/2012 MGM 2200.00 658.872 M97F 9116 21/11/2024 02/09/2020 Books